A handbook for seismic data acquisition in exploration /

Bibliographic Details
Main Author: Evans, Brian J., 1945-
Other Authors: Dragoset, William H.
Format: Book
Language:English
Published: Tulsa, OK : Society of Exploration Geophysicists, 1997.
Series:Geophysical monograph series ; no. 7.
Subjects:

MARC

Tag First Indicator Second Indicator Subfields
LEADER 00000cam a2200000 a 4500
001 in00001532012
005 20151022050606.0
008 000404s1997 okua b 001 0 eng
010 |a  96042041  
020 |a 1560800410 (paper : alk. paper) 
035 |a (OCoLC)35292947 
040 |a DLC  |c DLC  |d UtOrBLW 
049 |a TXAM 
050 0 0 |a TN269.8  |b .E93 1997 
082 0 0 |a 622/.1592  |2 20 
100 1 |a Evans, Brian J.,  |d 1945- 
245 1 2 |a A handbook for seismic data acquisition in exploration /  |c by Brian J. Evans ; William H. Dragoset, Jr., volume editor. 
264 1 |a Tulsa, OK :  |b Society of Exploration Geophysicists,  |c 1997. 
300 |a xiii, 305 pages :  |b illustrations ;  |c 23 cm. 
336 |a text  |b txt  |2 rdacontent 
337 |a unmediated  |b n  |2 rdamedia 
338 |a volume  |b nc  |2 rdacarrier 
490 1 |a Geophysical monograph series ;  |v no. 7 
504 |a Includes bibliographical references (pages 291-293) and index. 
650 0 |a Seismic prospecting. 
700 1 |a Dragoset, William H. 
830 0 |a Geophysical monograph series ;  |v no. 7. 
994 |a E0  |b TXA 
948 |a cataloged  |b h  |c 2000/7/11  |d c  |e pkellar  |f 3:56:06 pm 
999 |a MARS 
999 f f |s 0306d1ad-a108-33f2-9424-efe35c81535d  |i dd9d4fee-16f1-3c96-b413-1b6a9c0e4456  |t 0 
952 f f |p normal  |a Texas A&M University  |b College Station  |c Sterling C. Evans Library  |d Evans: Library Stacks  |t 0  |e TN269.8 .E93 1997  |h Library of Congress classification  |i unmediated -- volume  |m A14826320792 
998 f f |a TN269.8 .E93 1997  |t 0  |l Evans: Library Stacks